| Virtuální polytechnická knihovna - Souborný katalog - Úplný záznam dokumentu - MARC |
Uživatel: --- |
-----nas 22-----zu 4500
001 SKVPK0031890
003 CZ-VPK
005 20260423120254.0
008 260423d19771991||||| | ||| || |||||||
022 $a0170-4044
040 $aABA013$bcze
222 0$aOberfläche + JOT
245 00$aOberfläche + JOT
260 $aNěmecko :$b München : Vogel, 1977,$c1977-1991
650 07$astrojírenství$xsr$2psh
780 00$tJOT. Journal für Oberflächentechnik$x0021-3756
780 00$tOberfläche (Berlin)$x0029-7488
780 00$tPříloha: Adhäsion$x0001-8198
780 00$tPříloha: Dünne Schichten$x0941-7168
785 00$tJOT. Journal für Oberflächentechnik$x0940-8789
910 $aABA013$r1977-1991
| čtvrtek 14.05.2026 02:29:36 |
© 2001-2015 Národní technická knihovna |
[Virtuální polytechnická knihovna]
[Servisní centrum]
[Souborný katalog]